000 00298nam a2200133Ia 4500
100 _aLeinecker/Richard C
942 _cBK
654 _aMicrosoft visual C++
245 _aMicrosoft Visual C ++ 5 Power
260 _bComDex
_aNew Delhi
_c1997
300 _a584
546 _aENGLISH
999 _c32256
_d32256